Football : les 30 nominés au ballon d'or 2025 - Statistiques

Statistiques générales
  • Ce quiz a été pris 444 fois
  • Le résultat moyen est 26 sur 31
Statistiques - réponses
Club Pays Joueur % Correct
PSG France Ousmane Dembélé
99%
Real Madrid France Kylian Mbappé
97%
PSG Maroc Achraf Hakimi
92%
Manchester City Norvège Erling Haaland
90%
PSG Italie Gianluigi Donnarumma
90%
Barcelone Espagne Lamine Yamal
90%
Liverpool Egypte Mohamed Salah
90%
PSG Portugal Vitinha
90%
PSG France Désiré Doué
88%
PSG Portugal Joao Neves
88%
PSG Portugal Nuno Mendes
88%
Real Madrid Brésil Vinicius Junior
88%
Chelsea Angleterre Cole Palmer
87%
Bayern Munich Angleterre Harry Kane
87%
Bayern Munich France Michael Olise
87%
Barcelone Pologne Robert Lewandowski
87%
PSG (Je m'en fous il y'est) Équateur Willian Pacho
86%
Real Madrid Angleterre Jude Bellingham
85%
Sporting Suède Viktor Gyokeres
85%
PSG Espagne Fabian Ruiz
84%
Inter Milan Argentine Lautaro Martinez
84%
Barcelone Espagne Pedri
84%
Dortmund Guinée Serhou Guirassy
83%
Liverpool Pays-Bas Virgil Van Dijk
83%
Arsenal Angleterre Declan Rice
82%
Barcelone Brésil Raphinha
81%
Liverpool Argentine Alexis Mac Allister
80%
Bayer 04 Allemagne Florian Wirtz
78%
Naples Ecosse Scott Mctominay
75%
Inter Milan Pays-Bas Denzel Dumfries
74%
Naples/PSG Géorgie Khvicha Kvaratskhelia
67%
Aucun quiz correspondant
Distribution des résultats
% des personnes avec chaque résultat
Percentile par nombre de réponses
Votre historique - résultats
Vous n’avez pas pris ce quiz